Centrum chorvátskej kultúry, Jarovce

Gespeichert in:
Bibliographische Detailangaben
1. Verfasser: Chovanec, Samuel (Verfasst von)
Weitere Verfasser: Czafík, Michal (Betreuung Doktorarbeit)
Format: Manuskript Buch
Sprache:Slowakisch
Veröffentlicht: 2025
Schlagworte:
Online-Zugang:http://is.stuba.sk/zp/portal_zp.pl?podrobnosti=168158
Tags: Tag hinzufügen
Keine Tags, Fügen Sie das erste Tag hinzu!

MARC

LEADER 00000ntm a22000003a 4500
001 stuzp104554
003 SK-STU
005 20250614213108.6
007 ta
008 150427s2015----xo-----f-mn---000-0-slo-d
040 |a STU  |b slo 
041 0 |a slo 
100 1 |a Chovanec, Samuel  |u 051110  |4 aut  |U FAD Fakulta architektúry a dizajnu  |T FAD Ústav architektúry obytných budov  |X 115501  |U A1110  |Y 392  |7 115501 
242 0 1 |a Croatian Cultural Center, Jarovce  |y eng 
245 1 0 |a Centrum chorvátskej kultúry, Jarovce 
260 |c 2025 
650 4 |a Multifunctionality  |2 eng 
650 4 |a Culture  |2 eng 
650 4 |a Centralization  |2 eng 
650 4 |a Kultúra  |2 slo 
650 4 |a Centralita  |2 slo 
650 4 |a Multifunkčnosť  |2 slo 
700 1 |a Czafík, Michal  |u 051110  |k Z1  |4 ths  |U FAD Fakulta architektúry a dizajnu  |T FAD Ústav architektúry obytných budov  |X 28172  |U A1110  |Y 392  |7 A000028172 
856 4 |u http://is.stuba.sk/zp/portal_zp.pl?podrobnosti=168158